[Event "SWE-chT 1819 Superettan"]
[Site "Sweden"]
[Date "2019.01.11"]
[Round "6"]
[White "Agrest, Evgenij"]
[Black "Al Hadarani, Hatim"]
[Result "1-0"]
[WhiteElo "2581"]
[BlackElo "2324"]
[PlyCount "58"]
[EventDate "2018.11.09"]
[EventType "team-tourn"]
[EventRounds "9"]
[EventCountry "SWE"]
[SourceTitle "EXT 2020"]
[Source "ChessBase"]
[SourceDate "2019.10.17"]
[SourceVersion "1"]
[SourceVersionDate "2019.10.17"]
[SourceQuality "1"]
[WhiteTeam "Alingsas"]
[BlackTeam "Manhem"]
[WhiteTeamCountry "SWE"]
[BlackTeamCountry "SWE"]

1. Nf3 Nf6 2. c4 c5 3. Nc3 d6 4. d4 cxd4 5. Nxd4 b6 6. e4 Bb7 7. f3 e6 8. Be2 Be7 9. 0-0 0-0 10. Be3 Nbd7 11. a4 a5 12. Ndb5 Qb8 13. Qd2 Rd8 14. Rad1 Bc6 15. Kh1 Ne5 16. Qe1 Qb7 17. Qd2 Rab8 18. Qc2 Rbc8 19. b3 Ng6 20. Rd2 d5 21. cxd5 exd5 22. e5 Nd7 23. f4 Bb4 24. Rdd1 f5 25. Bd3 Rf8 26. Bd4 Rce8 27. Qf2 Ne7 28. Nd6 Bxd6 29. exd6 Ng6 1-0

[Event "SWE-chT 1819 Superettan"]
[Site "Sweden"]
[Date "2018.11.10"]
[Round "2"]
[White "Andersson, Tommy"]
[Black "Al Hadarani, Hatim"]
[Result "1-0"]
[WhiteElo "2407"]
[BlackElo "2318"]
[PlyCount "77"]
[EventDate "2018.11.09"]
[EventType "team-tourn"]
[EventRounds "9"]
[EventCountry "SWE"]
[SourceTitle "EXT 2020"]
[Source "ChessBase"]
[SourceDate "2019.10.17"]
[SourceVersion "1"]
[SourceVersionDate "2019.10.17"]
[SourceQuality "1"]
[WhiteTeam "Burgsvik Alva"]
[BlackTeam "Manhem"]
[WhiteTeamCountry "SWE"]
[BlackTeamCountry "SWE"]

1. d4 f5 2. g3 d5 3. Bg2 e6 4. Nf3 Bd6 5. 0-0 Nf6 6. c4 c6 7. b3 Qe7 8. Bf4 Bxf4 9. gxf4 0-0 10. Nbd2 b6 11. Ne5 Bb7 12. Rc1 Na6 13. e3 c5 14. dxc5 bxc5 15. cxd5 exd5 16. Qc2 Rad8 17. Rfd1 Ne4 18. Nf1 Rd6 19. f3 Nf6 20. Ng3 g6 21. Bf1 Rc8 22. Bb5 d4 23. Qg2 Kh8 24. exd4 cxd4 25. Rxc8+ Bxc8 26. Qb2 Nc7 27. Bc4 Be6 28. Rxd4 Bxc4 29. Rxc4 Rd1+ 30. Kf2 Ncd5 31. Nf1 Kg8 32. Ke2 Rxf1 33. Rc8+ Kg7 34. Kxf1 Nxf4 35. Rc6 N4d5 36. Qd4 Qa3 37. Nd7 Qe7 38. Nxf6 Nxf6 39. Qd6 1-0

[Event "Gothenburg Kvibergspelen"]
[Site "Gothenburg"]
[Date "2018.04.21"]
[Round "5"]
[White "Eriksson, Lennarth"]
[Black "Al Hadarani, Hatim"]
[Result "1/2-1/2"]
[WhiteElo "2098"]
[BlackElo "2334"]
[PlyCount "71"]
[EventDate "2018.04.20"]
[EventType "swiss"]
[EventRounds "8"]
[EventCountry "SWE"]
[SourceTitle "CBM 184 Extra"]
[Source "ChessBase"]
[SourceDate "2018.06.28"]
[SourceVersion "1"]
[SourceVersionDate "2018.06.28"]
[SourceQuality "1"]

1. b3 f5 2. Bb2 Nf6 3. e3 e6 4. c4 Be7 5. Nc3 0-0 6. Qc2 d5 7. Nf3 c6 8. Be2 Bd6 9. d4 Ne4 10. Ne5 Nd7 11. Nxe4 fxe4 12. 0-0 Qg5 13. Qc3 Qh6 14. f4 exf3 15. Rxf3 Rxf3 16. gxf3 Nf6 17. Rf1 Bd7 18. Bc1 Rf8 19. Kh1 Be8 20. Rg1 Qh5 21. Rg2 Bxe5 22. dxe5 Nd7 23. f4 Qh6 24. cxd5 exd5 25. Bg4 b6 26. b4 c5 27. e6 Nf6 28. e7 Rf7 29. Be6 d4 30. exd4 Kh8 31. f5 Qh5 32. Bxf7 Qd1+ 33. Rg1 Bc6+ 34. d5 Bxd5+ 35. Bxd5 Qxd5+ 36. Rg2 1/2-1/2

[Event "Gothenburg Kvibergspelen"]
[Site "Gothenburg"]
[Date "2018.04.20"]
[Round "3"]
[White "Kenani, Dariush"]
[Black "Al Hadarani, Hatim"]
[Result "0-1"]
[WhiteElo "1898"]
[BlackElo "2334"]
[PlyCount "82"]
[EventDate "2018.04.20"]
[EventType "swiss"]
[EventRounds "8"]
[EventCountry "SWE"]
[SourceTitle "CBM 184 Extra"]
[Source "ChessBase"]
[SourceDate "2018.06.28"]
[SourceVersion "1"]
[SourceVersionDate "2018.06.28"]
[SourceQuality "1"]

1. e4 c6 2. Nc3 g6 3. Bc4 e6 4. Bb3 d5 5. d4 Nf6 6. e5 Nfd7 7. Nce2 c5 8. c3 Nc6 9. f4 cxd4 10. Nxd4 Nxd4 11. cxd4 Nb8 12. Nf3 Bd7 13. 0-0 Bb5 14. Rf2 a5 15. Ba4 Qd7 16. Bxb5 Qxb5 17. Be3 Nc6 18. Ne1 Be7 19. g3 a4 20. Kg2 Na5 21. Rc2 0-0 22. Nf3 Nc6 23. Bd2 f6 24. h4 fxe5 25. dxe5 d4 26. Be1 Rad8 27. Rb1 Qd5 28. Qd3 Qxa2 29. Rbc1 Qd5 30. Rc4 Ra8 31. Kf2 a3 32. b3 a2 33. Ra1 Ra6 34. b4 b5 35. Rc2 Rd8 36. Rb2 Rda8 37. Rb3 Ra4 38. Bd2 Rd8 39. Ne1 Bxb4 40. Nc2 Bxd2 41. Qxd2 Qxb3 0-1

[Event "SWE-chT 1718 Superettan"]
[Site "Sweden"]
[Date "2017.10.20"]
[Round "1"]
[White "Al Hadarani, Hatim"]
[Black "Sjodahl, Pontus"]
[Result "0-1"]
[WhiteElo "2285"]
[BlackElo "2413"]
[PlyCount "76"]
[EventDate "2017.10.20"]
[EventType "team-tourn"]
[EventRounds "9"]
[EventCountry "SWE"]
[SourceTitle "EXT 2019"]
[Source "ChessBase"]
[SourceDate "2018.10.10"]
[SourceVersion "1"]
[SourceVersionDate "2018.10.10"]
[SourceQuality "1"]
[WhiteTeam "Manhem"]
[BlackTeam "Vasteras"]
[WhiteTeamCountry "SWE"]
[BlackTeamCountry "SWE"]

1. d4 Nf6 2. Bg5 d5 3. e3 c5 4. Bxf6 gxf6 5. Nf3 cxd4 6. exd4 Qb6 7. Nc3 e6 8. Rb1 Bd7 9. Be2 Nc6 10. 0-0 Ne7 11. Re1 Bh6 12. Bd3 0-0 13. g3 Ng6 14. h4 Kh8 15. h5 Ne7 16. Ne2 Rg8 17. c3 Rg7 18. Kg2 Rag8 19. b4 Bb5 20. Bxb5 Qxb5 21. Rg1 Nf5 22. Kh2 Nd6 23. Rg2 Ne4 24. Kg1 f5 25. a4 Qe8 26. Ne5 f4 27. f3 Nxg3 28. Nxg3 Rxg3 29. Rbb2 f5 30. Qe1 Qxh5 31. Rxg3 fxg3 32. Rg2 Bf4 33. Nd3 Qxf3 34. Nxf4 Qxf4 35. Re2 Rg6 36. Qd1 Qf3 37. Qd2 g2 38. Re1 Qh3 0-1

[Event "SWE-chT 1617"]
[Site "Sweden"]
[Date "2017.03.24"]
[Round "7.1"]
[White "Al Hadarani, Hatim"]
[Black "Lindberg, Bo"]
[Result "1-0"]
[WhiteElo "2247"]
[BlackElo "2402"]
[PlyCount "143"]
[EventDate "2016.10.14"]
[EventType "team-tourn"]
[EventRounds "9"]
[EventCountry "SWE"]
[SourceTitle "CBM 177 Extra"]
[Source "ChessBase"]
[SourceDate "2017.04.27"]
[SourceVersion "1"]
[SourceVersionDate "2017.04.27"]
[SourceQuality "1"]
[WhiteTeam "Manhem"]
[BlackTeam "Viking Team"]
[WhiteTeamCountry "SWE"]
[BlackTeamCountry "SWE"]

1. Nf3 c5 2. d4 cxd4 3. Nxd4 d5 4. g3 e5 5. Nb3 Nc6 6. Bg2 Be6 7. 0-0 Be7 8. Nc3 d4 9. Ne4 Bd5 10. f4 f5 11. Ng5 Bxg2 12. Kxg2 Bxg5 13. fxg5 Nge7 14. e3 Qd5+ 15. Kg1 0-0-0 16. exd4 exd4 17. Bf4 Ng6 18. Qf3 Rhe8 19. Qxd5 Rxd5 20. Rad1 Re2 21. Rf2 Nxf4 22. gxf4 Re4 23. Nd2 Re6 24. Nf3 Rd8 25. Kg2 Kc7 26. a3 a6 27. Rd3 Re4 28. Kg3 b5 29. Rfd2 a5 30. Nh4 g6 31. Nf3 a4 32. h4 Kb6 33. Rh2 Kc5 34. h5 Rd6 35. hxg6 hxg6 36. Nd2 Re1 37. b3 Rde6 38. Nf3 R1e3 39. Rhd2 R6e4 40. Rd1 Rxd3 41. cxd3 Re3 42. b4+ Kd5 43. Kf2 Re7 44. Rc1 Kd6 45. Nh4 Re6 46. Rc5 Ne7 47. Nf3 Re3 48. Ne5 Nd5 49. Rc6+ Ke7 50. Nxg6+ Kd7 51. Ra6 Kc7 52. Ra7+ Kd8 53. Ra8+ Kc7 54. Ra7+ Kd8 55. Rf7 Rxd3 56. Ne5 Ke8 57. Rxf5 Rxa3 58. g6 Ra2+ 59. Kg3 Ra1 60. Nf3 Ne7 61. Re5 Kf8 62. g7+ Kxg7 63. Rxe7+ Kf6 64. Ra7 Rb1 65. Kg4 d3 66. Ra6+ Ke7 67. f5 Rxb4+ 68. Kg5 Rb2 69. f6+ Ke8 70. Ra8+ Kf7 71. Ra7+ Ke8 72. f7+ 1-0

[Event "Goteborg op"]
[Site "Molnlycke"]
[Date "2015.08.16"]
[Round "8"]
[White "Rozentalis, Eduardas"]
[Black "Al Hadarani, Hatim"]
[Result "1-0"]
[WhiteElo "2528"]
[BlackElo "2254"]
[PlyCount "49"]
[EventDate "2015.08.14"]
[EventType "swiss"]
[EventRounds "8"]
[EventCountry "SWE"]
[SourceTitle "CBM 167 Extra"]
[Source "ChessBase"]
[SourceDate "2015.09.14"]
[SourceVersion "1"]
[SourceVersionDate "2015.09.14"]
[SourceQuality "1"]

1. e4 c6 2. d4 g6 3. Nc3 d5 4. h3 Bg7 5. Nf3 dxe4 6. Nxe4 Nd7 7. Bc4 Ngf6 8. Nxf6+ Nxf6 9. 0-0 0-0 10. c3 a5 11. a4 Nd5 12. Re1 h6 13. Ne5 Kh7 14. Bd3 Kg8 15. Qf3 Bd7 16. Qg3 Qc8 17. c4 Nb4 18. Bxh6 Bf5 19. Bxg7 Kxg7 20. Be4 Rh8 21. Ra3 Nc2 22. Bxf5 Qxf5 23. Rf3 Qxf3 24. Qxf3 f6 25. Qe4 1-0

[Event "Goteborg op"]
[Site "Molnlycke"]
[Date "2015.08.16"]
[Round "7"]
[White "Zelbel, Patrick"]
[Black "Al Hadarani, Hatim"]
[Result "0-1"]
[WhiteElo "2450"]
[BlackElo "2254"]
[PlyCount "176"]
[EventDate "2015.08.14"]
[EventType "swiss"]
[EventRounds "8"]
[EventCountry "SWE"]
[SourceTitle "CBM 167 Extra"]
[Source "ChessBase"]
[SourceDate "2015.09.14"]
[SourceVersion "1"]
[SourceVersionDate "2015.09.14"]
[SourceQuality "1"]

1. e4 c5 2. c3 d5 3. exd5 Qxd5 4. Nf3 Nf6 5. Na3 Nc6 6. Bc4 Qd8 7. 0-0 a6 8. Be2 b5 9. Nc2 e6 10. d4 Bb7 11. Bg5 Qc7 12. Qc1 c4 13. Bf4 Bd6 14. Bxd6 Qxd6 15. a4 0-0 16. Na3 Na5 17. Qg5 Nb3 18. Rad1 Ne4 19. Qe5 Qd7 20. Rfe1 Bd5 21. Bf1 Qb7 22. Re3 Nf6 23. Qg5 h6 24. Qh4 Rac8 25. Ne5 Kh8 26. Qf4 Be4 27. Rh3 Bh7 28. Re1 Nd5 29. Qg3 Nd2 30. Rh4 Nxf1 31. Kxf1 Ne7 32. Qf3 Qxf3 33. gxf3 Nf5 34. Rg4 Nd6 35. Nd7 Rfd8 36. Nc5 Rc6 37. a5 Bf5 38. Rg1 Rb8 39. Nd7 Rb7 40. Nc5 Ra7 41. f4 Nb7 42. Nxb7 Rxb7 43. Rg3 b4 44. cxb4 Rxb4 45. Rc3 Bd3+ 46. Kg2 Rxb2 47. Rec1 Rb4 48. Kf3 Ra4 49. f5 exf5 50. Ke3 Rxa5 51. Nxc4 Bxc4 52. Rxc4 Re6+ 53. Kf3 g5 54. Rc5 Ra3+ 55. Kg2 f4 56. h4 gxh4 57. Rf5 Rg6+ 58. Kh2 Kg7 59. Rxf4 h3 60. d5 Rg2+ 61. Kh1 Rd3 62. Rf5 Kg6 63. Re5 Rxf2 64. Rg1+ Kf6 65. Rh5 Ke7 66. Rxh6 Rxd5 67. Rxh3 Rff5 68. Ra1 Rh5 69. Rxh5 Rxh5+ 70. Kg2 a5 71. Kf3 Re5 72. Kf4 f6 73. Rb1 Kf7 74. Ra1 Rb5 75. Ra2 Ke6 76. Re2+ Kd6 77. Re8 f5 78. Ra8 Kc6 79. Rf8 Rc5 80. Rb8 Kc7 81. Rb2 a4 82. Ra2 Ra5 83. Rc2+ Kb6 84. Rb2+ Ka6 85. Ra2 a3 86. Kg5 Kb5 87. Kxf5 Kb4+ 88. Ke4 Kb3 0-1

[Event "Gothenburg Manhem-B"]
[Site "Gothenburg"]
[Date "2015.08.12"]
[Round "7"]
[White "Al Hadarani, Hatim"]
[Black "Olund, Joar"]
[Result "0-1"]
[WhiteElo "2254"]
[BlackElo "2333"]
[PlyCount "108"]
[EventDate "2015.08.08"]
[EventType "tourn"]
[EventRounds "9"]
[EventCountry "SWE"]
[EventCategory "5"]
[SourceTitle "CBM 167 Extra"]
[Source "ChessBase"]
[SourceDate "2015.09.14"]
[SourceVersion "1"]
[SourceVersionDate "2015.09.14"]
[SourceQuality "1"]

1. d4 Nf6 2. Bg5 d5 3. Nc3 c5 4. e3 Nc6 5. Nf3 Bg4 6. h3 Bxf3 7. Qxf3 e6 8. Bb5 Be7 9. 0-0 Qb6 10. a4 cxd4 11. a5 Qc7 12. exd4 0-0 13. Bxc6 Qxc6 14. Qd3 h6 15. Bh4 Rfe8 16. Rfe1 Rac8 17. a6 Ne4 18. axb7 Qxb7 19. Bxe7 Rxe7 20. Na4 Qc7 21. c3 e5 22. f3 Ng3 23. dxe5 Rxe5 24. Rxe5 Qxe5 25. Qd2 Re8 26. Kf2 Nf5 27. Re1 Qg3+ 28. Kf1 Rxe1+ 29. Qxe1 Qf4 30. b3 d4 31. cxd4 Qxd4 32. Qe8+ Kh7 33. Qe1 g6 34. Qc3 Ng3+ 35. Ke1 Qg1+ 36. Kd2 Qxg2+ 37. Kd1 Qg1+ 38. Kc2 Ne2 39. Qd2 Nd4+ 40. Kb2 Nxf3 41. Qa5 Qd4+ 42. Nc3 Qd2+ 43. Ka3 Nd4 44. Qc7 Qc1+ 45. Kb4 a5+ 46. Kxa5 Qa3+ 47. Na4 Nxb3+ 48. Kb5 Nd4+ 49. Ka5 Qb3 50. Qd7 Qc4 51. Kb6 Qe6+ 52. Qxe6 Nxe6 53. Kc6 Nf4 54. h4 h5 0-1

[Event "Gothenburg Manhem-B"]
[Site "Gothenburg"]
[Date "2015.08.11"]
[Round "5"]
[White "Al Hadarani, Hatim"]
[Black "Haubro, Martin"]
[Result "1-0"]
[WhiteElo "2254"]
[BlackElo "2369"]
[PlyCount "49"]
[EventDate "2015.08.08"]
[EventType "tourn"]
[EventRounds "9"]
[EventCountry "SWE"]
[EventCategory "5"]
[SourceTitle "CBM 167 Extra"]
[Source "ChessBase"]
[SourceDate "2015.09.14"]
[SourceVersion "1"]
[SourceVersionDate "2015.09.14"]
[SourceQuality "1"]

1. d4 Nf6 2. Bg5 c5 3. d5 Qb6 4. Nc3 Qxb2 5. Bd2 Qb6 6. e4 d6 7. f4 g6 8. e5 dxe5 9. fxe5 Nfd7 10. Nf3 Bg7 11. Rb1 Qd8 12. e6 fxe6 13. Ng5 Nf6 14. Bb5+ Kf8 15. dxe6 Qd4 16. Ne2 Qd5 17. c4 Qd8 18. Bc3 Qc7 19. 0-0 Kg8 20. Nf4 a6 21. Nd5 Nxd5 22. Bxg7 Nf6 23. Bh6 axb5 24. Qd5 Qc6 25. Qd8+ 1-0

[Event "Gothenburg Manhem-B"]
[Site "Gothenburg"]
[Date "2015.08.10"]
[Round "4"]
[White "Golubka, Petr"]
[Black "Al Hadarani, Hatim"]
[Result "1-0"]
[WhiteElo "2399"]
[BlackElo "2254"]
[PlyCount "85"]
[EventDate "2015.08.08"]
[EventType "tourn"]
[EventRounds "9"]
[EventCountry "SWE"]
[EventCategory "5"]
[SourceTitle "CBM 167 Extra"]
[Source "ChessBase"]
[SourceDate "2015.09.14"]
[SourceVersion "1"]
[SourceVersionDate "2015.09.14"]
[SourceQuality "1"]

1. e4 c5 2. Nf3 a6 3. Nc3 d6 4. d4 cxd4 5. Nxd4 e5 6. Nb3 Be6 7. f4 Be7 8. f5 Bd7 9. Be3 Bc6 10. Qg4 h5 11. Qf3 Nf6 12. 0-0-0 Nbd7 13. h3 b5 14. a3 Rb8 15. g4 hxg4 16. hxg4 Rxh1 17. Qxh1 Nxg4 18. Qh8+ Bf8 19. Ba7 Rc8 20. Rxd6 Qc7 21. Rxd7 Kxd7 22. Bg1 Bxe4 23. Qh5 Bd5 24. Qxg4 Bxa3 25. f6+ Kd6 26. Ne4+ Bxe4 27. Qxe4 Qc3 28. Qd3+ Qxd3 29. Bxd3 Bb4 30. Bf5 Re8 31. c3 gxf6 32. cxb4 e4 33. Kd2 Ke5 34. Bd7 Rd8 35. Bh2+ Kd5 36. Nc5 Kc4 37. Bc7 Rh8 38. Nxa6 Ra8 39. b3+ Kxb3 40. Bxb5 f5 41. Be2 Re8 42. Ke3 Kc3 43. b5 1-0

[Event "Gothenburg Manhem-B"]
[Site "Gothenburg"]
[Date "2015.08.09"]
[Round "2"]
[White "Antonsen, Mikkel"]
[Black "Al Hadarani, Hatim"]
[Result "1-0"]
[WhiteElo "2475"]
[BlackElo "2254"]
[PlyCount "113"]
[EventDate "2015.08.08"]
[EventType "tourn"]
[EventRounds "9"]
[EventCountry "SWE"]
[EventCategory "5"]
[SourceTitle "CBM 167 Extra"]
[Source "ChessBase"]
[SourceDate "2015.09.14"]
[SourceVersion "1"]
[SourceVersionDate "2015.09.14"]
[SourceQuality "1"]

1. d4 Nf6 2. c4 c6 3. Nf3 b5 4. cxb5 cxb5 5. e3 a6 6. a4 b4 7. Bd3 Bb7 8. Nbd2 d5 9. Ne5 e6 10. f4 Bd6 11. 0-0 Nc6 12. Qf3 Qb6 13. Kh1 Na5 14. b3 Rc8 15. Bb2 0-0 16. Rab1 Ne4 17. Nxe4 dxe4 18. Bxe4 Bxe4 19. Qxe4 Bxe5 20. fxe5 Nxb3 21. Qd3 Na5 22. Rbc1 Qb7 23. e4 Rxc1 24. Rxc1 Rc8 25. d5 Rxc1+ 26. Bxc1 Qc8 27. Bd2 b3 28. d6 Qc2 29. Qc3 Qxc3 30. Bxc3 Kf8 31. d7 Nc6 32. Bb4+ Kg8 33. Ba3 f6 34. Kg1 Kf7 35. Kf2 fxe5 36. Ke3 b2 37. Bxb2 Ke7 38. Kd3 Kxd7 39. Kc4 Kd6 40. Ba3+ Kc7 41. Bf8 g6 42. Kc5 h5 43. h4 a5 44. Kb5 Nd4+ 45. Kxa5 Nb3+ 46. Kb5 Nd2 47. Bg7 Nxe4 48. Bxe5+ Kb7 49. a5 g5 50. a6+ Ka8 51. hxg5 Nxg5 52. Bf4 Ne4 53. Be3 Ng3 54. Kc4 Nf5 55. Bf2 Nd6+ 56. Kd4 Nb5+ 57. Ke5 1-0

[Event "SWE-chT 1415 Superettan"]
[Site "Sweden"]
[Date "2015.01.31"]
[Round "5"]
[White "Axelsson, Uno"]
[Black "Al Hadarani, Hatim"]
[Result "0-1"]
[WhiteElo "2224"]
[BlackElo "2279"]
[PlyCount "82"]
[EventDate "2014.11.21"]
[EventType "team-tourn"]
[EventRounds "9"]
[EventCountry "SWE"]
[SourceTitle "EXT 2018"]
[Source "ChessBase"]
[SourceDate "2017.10.13"]
[SourceVersion "1"]
[SourceVersionDate "2017.10.13"]
[SourceQuality "1"]
[WhiteTeam "Kamraterna"]
[BlackTeam "Manhem"]
[WhiteTeamCountry "SWE"]
[BlackTeamCountry "SWE"]

1. d4 Nf6 2. c4 c5 3. d5 e5 4. Nc3 d6 5. e4 Be7 6. h3 h6 7. Be2 Nbd7 8. Be3 a6 9. a4 Nh7 10. Qd2 Bg5 11. Bxg5 Nxg5 12. h4 Nh7 13. Bg4 Qa5 14. Nd1 Qc7 15. Ne3 Nhf6 16. Bf3 Nf8 17. Ne2 Rb8 18. Nc3 Bd7 19. Nf5 Rg8 20. 0-0 Ng6 21. g3 Bxf5 22. exf5 Ne7 23. g4 g6 24. Qxh6 Nxg4 25. Bxg4 gxf5 26. f3 Rg6 27. Qh5 fxg4 28. Ne4 gxf3+ 29. Kh1 Qb6 30. Qxf3 f5 31. h5 Rh6 32. b3 Kd7 33. Ra2 Rbh8 34. Rh2 fxe4 35. Qg4+ Kd8 36. Qg5 R8h7 37. Rf8+ Kd7 38. Rf7 Rxf7 39. Qxh6 Qxb3 40. Qe6+ Ke8 41. Rg2 Qd1+ 0-1

[Event "Karlstad op"]
[Site "Karlstad"]
[Date "2014.12.28"]
[Round "3"]
[White "Bjorkeroth, Johan"]
[Black "Al Hadarani, Hatim"]
[Result "0-1"]
[WhiteElo "2045"]
[BlackElo "2285"]
[PlyCount "81"]
[EventDate "2014.12.27"]
[EventType "swiss"]
[EventRounds "7"]
[EventCountry "SWE"]
[SourceTitle "CBM 164 Extra"]
[Source "ChessBase"]
[SourceDate "2015.03.02"]
[SourceVersion "1"]
[SourceVersionDate "2015.03.02"]
[SourceQuality "1"]

1. e4 c5 2. Nc3 Nc6 3. g3 d6 4. Bg2 e5 5. d3 Be6 6. Nge2 h5 7. h4 Qd7 8. f4 g6 9. Nd5 Bg7 10. c3 Nh6 11. Be3 Ng4 12. Bg1 0-0 13. Ne3 Rae8 14. Qd2 b5 15. f5 gxf5 16. exf5 Nxe3 17. Bxe3 Bxf5 18. 0-0 Bg4 19. Bh6 Re6 20. Bxg7 Kxg7 21. Kh2 Rg6 22. Ng1 d5 23. Rae1 f6 24. Qe3 Qd6 25. Bf3 d4 26. Qe4 Ne7 27. Bg2 Be6 28. cxd4 cxd4 29. Qb7 Rf7 30. Qxb5 Nd5 31. Ne2 Ne3 32. Rg1 Nxg2 33. Rxg2 Bd5 34. Rgg1 Rb7 35. Qe8 Rxb2 36. g4 Bc6 37. Qc8 e4+ 38. Kg2 exd3+ 39. Kh3 hxg4+ 40. Rxg4 Bd7 41. Qc5 0-1

[Event "Olympiad-41"]
[Site "Tromsoe"]
[Date "2014.08.05"]
[Round "4.3"]
[White "Al Hadarani, Hatim"]
[Black "Haitin, Ilja"]
[Result "1-0"]
[WhiteElo "2254"]
[BlackElo "2289"]
[PlyCount "111"]
[EventDate "2014.08.02"]
[EventType "team-swiss"]
[EventRounds "11"]
[EventCountry "NOR"]
[SourceTitle "CBM 162"]
[Source "ChessBase"]
[SourceDate "2014.09.17"]
[SourceVersion "1"]
[SourceVersionDate "2014.09.17"]
[SourceQuality "1"]
[WhiteTeam "Yemen"]
[BlackTeam "Estonia"]
[WhiteTeamCountry "YEM"]
[BlackTeamCountry "EST"]

1. d4 Nf6 2. Bg5 Ne4 3. Bf4 d6 4. f3 Nf6 5. e4 Nbd7 6. Be3 e5 7. d5 Be7 8. Qd2 0-0 9. Nc3 c5 10. g4 a6 11. a4 Rb8 12. Nge2 Ne8 13. g5 f5 14. exf5 Rxf5 15. h4 Rxf3 16. Bg2 Rf8 17. Be4 c4 18. b4 a5 19. b5 Nc5 20. Bg2 Bg4 21. 0-0-0 Qd7 22. Rhf1 Rxf1 23. Rxf1 g6 24. Ng3 Ng7 25. Bxc5 dxc5 26. Nge4 Nh5 27. d6 Bf8 28. Nd5 Bg7 29. Nxc5 Qd8 30. Ne7+ Kh8 31. Nxb7 Qb6 32. Qf2 Qd4 33. Qxd4 exd4 34. Kb1 d3 35. cxd3 cxd3 36. Nc5 d2 37. Kc2 Ng3 38. Rb1 d1Q+ 39. Rxd1 Bxd1+ 40. Kxd1 Nf5 41. Nxf5 gxf5 42. Ne6 Bf8 43. d7 Be7 44. Bd5 h6 45. g6 Bxh4 46. b6 Bf6 47. b7 h5 48. Ke2 h4 49. Kf3 Be7 50. Kf4 Kg8 51. Kxf5 h3 52. d8Q+ Bxd8 53. Nxd8+ Kg7 54. Ne6+ Kh6 55. Kf6 h2 56. Kf7 1-0

[Event "Asian Continental op 13th"]
[Site "Sharjah"]
[Date "2014.04.23"]
[Round "7"]
[White "Idani, Pouya"]
[Black "Al Hadarani, Hatim"]
[Result "1-0"]
[WhiteElo "2502"]
[BlackElo "2249"]
[PlyCount "53"]
[EventDate "2014.04.17"]
[EventType "swiss"]
[EventRounds "9"]
[EventCountry "UAE"]
[SourceTitle "CBM 160"]
[Source "ChessBase"]
[SourceDate "2014.05.15"]
[SourceVersion "1"]
[SourceVersionDate "2014.05.15"]
[SourceQuality "1"]

1. e4 c5 2. Nf3 Nc6 3. d4 cxd4 4. Nxd4 Nf6 5. Nc3 d6 6. Bg5 e6 7. Qd2 a6 8. 0-0-0 Be7 9. f4 Bd7 10. Nf3 h6 11. Bxf6 gxf6 12. f5 b5 13. Ne2 Qa5 14. Qxa5 Nxa5 15. Nf4 Rg8 16. g3 Rc8 17. fxe6 fxe6 18. Bh3 e5 19. Bxd7+ Kxd7 20. Nd5 Ke6 21. Nh4 Nc6 22. Nf5 Bf8 23. Rhf1 Rg6 24. Nh4 Rg4 25. Rxf6+ Kd7 26. Nb6+ Ke7 27. Rdxd6 1-0

[Event "Asian Continental op 13th"]
[Site "Sharjah"]
[Date "2014.04.18"]
[Round "2"]
[White "Al Sayed, Mohammed"]
[Black "Al Hadarani, Hatim"]
[Result "1-0"]
[WhiteElo "2502"]
[BlackElo "2249"]
[PlyCount "73"]
[EventDate "2014.04.17"]
[EventType "swiss"]
[EventRounds "9"]
[EventCountry "UAE"]
[SourceTitle "CBM 160"]
[Source "ChessBase"]
[SourceDate "2014.05.15"]
[SourceVersion "1"]
[SourceVersionDate "2014.05.15"]
[SourceQuality "1"]

1. d4 d5 2. c4 c6 3. Nc3 Nf6 4. e3 g6 5. Nf3 Bg7 6. Be2 0-0 7. 0-0 Nbd7 8. cxd5 Nxd5 9. e4 Nxc3 10. bxc3 e5 11. Rb1 exd4 12. cxd4 Nf6 13. Bd3 Re8 14. Re1 b6 15. h3 Bb7 16. Bg5 h6 17. Bh4 g5 18. Bg3 Qe7 19. Bh2 Rad8 20. Qe2 c5 21. d5 Bc8 22. Ne5 Bd7 23. Bc4 Rf8 24. Ng6 fxg6 25. d6+ Qe6 26. Bxe6+ Bxe6 27. a4 Nh5 28. e5 Nf4 29. Bxf4 Rxf4 30. a5 bxa5 31. Rb7 a4 32. Qc2 Kh7 33. Qxc5 g4 34. Qxa7 Rg8 35. hxg4 Rxg4 36. f3 Rc4 37. Re7 1-0

[Event "Dubai op 16th"]
[Site "Dubai"]
[Date "2014.04.08"]
[Round "2"]
[White "Dizdar, Goran"]
[Black "Al Hadarani, Hatim"]
[Result "0-1"]
[WhiteElo "2513"]
[BlackElo "2249"]
[PlyCount "76"]
[EventDate "2014.04.07"]
[EventType "swiss"]
[EventRounds "9"]
[EventCountry "UAE"]
[SourceTitle "CBM 159 Extra"]
[Source "ChessBase"]
[SourceDate "2014.04.24"]
[SourceVersion "1"]
[SourceVersionDate "2014.04.24"]
[SourceQuality "1"]

1. Nf3 Nf6 2. c4 g6 3. g3 Bg7 4. Bg2 0-0 5. 0-0 d5 6. d4 c6 7. b3 dxc4 8. bxc4 Qa5 9. Nbd2 Rd8 10. e3 Nbd7 11. c5 Nd5 12. Bb2 b5 13. Qb3 Qc7 14. Ng5 h6 15. Nxf7 Kxf7 16. e4 e6 17. exd5 exd5 18. Bxd5+ cxd5 19. Qxd5+ Kf8 20. c6 b4 21. cxd7 Bxd7 22. Rac1 Qb6 23. Nc4 Qc6 24. Qa5 Bh3 25. d5 Qxd5 26. Qxb4+ Kg8 27. Ne3 Qf7 28. Bxg7 Bxf1 29. Ba1 Bh3 30. Qh4 Rd2 31. g4 Qf3 32. Bc3 Re2 33. Qg3 Rf8 34. Bd4 Rxf2 35. Qxf3 R2xf3 36. Bxa7 Ra8 37. Rc7 Re8 38. Ng2 Re1+ 0-1

[Event "Olympiad-40"]
[Site "Istanbul"]
[Date "2012.09.07"]
[Round "10.3"]
[White "Valdes, Rances"]
[Black "Al Hadarani, Hatim"]
[Result "1-0"]
[WhiteElo "2139"]
[BlackElo "2263"]
[PlyCount "113"]
[EventDate "2012.08.28"]
[EventType "team-swiss"]
[EventRounds "11"]
[EventCountry "TUR"]
[SourceTitle "CBM 151"]
[Source "ChessBase"]
[SourceDate "2012.11.13"]
[SourceVersion "1"]
[SourceVersionDate "2012.11.13"]
[SourceQuality "1"]
[WhiteTeam "Panama"]
[BlackTeam "Yemen"]
[WhiteTeamCountry "PAN"]
[BlackTeamCountry "YEM"]

1. d4 e6 2. c4 f5 3. Nc3 Nf6 4. g3 Bb4 5. Bg2 c5 6. Nf3 Ne4 7. 0-0 Bxc3 8. bxc3 Qa5 9. Be3 0-0 10. Nd2 Nxc3 11. Qe1 Qa6 12. Rc1 cxd4 13. Bxd4 Na4 14. e4 Nc6 15. Ba1 Ne7 16. exf5 Nxf5 17. g4 Nh4 18. Qe5 Rf7 19. Be4 Ng6 20. Bxg6 hxg6 21. Ne4 Qc6 22. Ng5 Re7 23. Qg3 e5 24. Qh4 Re6 25. Qh7+ Kf8 26. Qh8+ Ke7 27. Qxg7+ Ke8 28. Qg8+ Ke7 29. Nxe6 Qxe6 30. Qxe6+ Kxe6 31. Rfe1 d6 32. f4 Nc5 33. Re3 b5 34. cxb5 e4 35. Bd4 Nd3 36. Rc7 Kd5 37. Bxa7 Nc5 38. Bxc5 dxc5 39. Re7 Ra4 40. Re5+ Kd6 41. R5xe4 Rxa2 42. Rd3+ Kc7 43. Rc3 Kb6 44. Re5 Bxg4 45. Rcxc5 Bf3 46. Rg5 Be4 47. Rce5 Bf5 48. Rexf5 gxf5 49. Rxf5 Kc7 50. Rd5 Rb2 51. f5 Kc8 52. f6 Rb4 53. Rf5 Rg4+ 54. Kf2 Rg8 55. f7 Rf8 56. Ke3 Kd7 57. Ke4 1-0